Zvýšenému záujmu o obchodovanie s dlhopismi FNM chýba niekoľko základných predpokladov

Obchodovanie s dlhopismi. Časté zmeny v organizovaní obchodovania. Hodnota dlhopisu. Priame obchody a anonymné obchody. Obchodníci s dlhopismi získavali značné provízie za sprostredkovanie obchodov s dlhopismi. Predaj akcií za dlhopisy. Spôsob určovania ceny akcií pri predaji poverencami FNM.

Saved in:
Bibliographic Details
Main Author: Stančík, M.
Format: Book Chapter
Language:Slovak
Subjects:
Tags: Add Tag
No Tags, Be the first to tag this record!

MARC

LEADER 00000naa a2200000 4500
001 r026017
005 20230921080420.4
041 0 |a slo 
044 |a SK 
245 1 0 |a Zvýšenému záujmu o obchodovanie s dlhopismi FNM chýba niekoľko základných predpokladov  |c M. Stančík 
520 |a Obchodovanie s dlhopismi. Časté zmeny v organizovaní obchodovania. Hodnota dlhopisu. Priame obchody a anonymné obchody. Obchodníci s dlhopismi získavali značné provízie za sprostredkovanie obchodov s dlhopismi. Predaj akcií za dlhopisy. Spôsob určovania ceny akcií pri predaji poverencami FNM. 
610 2 0 |a trh kapitálový 
610 2 0 |a dlhopisy 
610 2 0 |a emisia 
610 2 0 |a papiere cenné 
610 2 0 |a akcie 
610 2 0 |a FNM SR Bratislava 
610 2 0 |a Slovensko 
100 1 |a Stančík, M.